[Event "American Continental 18th"]
[Site "Medellin"]
[Date "2024.05.29"]
[Round "8"]
[White "Supi, Luis Paulo"]
[Black "Carrillo Parra, Miguel Alfredo"]
[Result "1-0"]
[WhiteElo "2581"]
[BlackElo "2251"]
[PlyCount "89"]
[EventDate "2024.05.24"]
[EventType "swiss"]
[EventRounds "11"]
[EventCountry "COL"]
[SourceTitle "CBM 220 Extra"]
[Source "ChessBase"]
[SourceDate "2024.07.31"]
[SourceVersion "1"]
[SourceVersionDate "2024.07.31"]
[SourceQuality "1"]

1. c4 e6 2. g3 d5 3. Bg2 dxc4 4. Qa4+ Nd7 5. Qxc4 a6 6. Qc2 Ngf6 7. Nf3 c5 8. Nc3 Ra7 9. a4 b6 10. d3 Bb7 11. 0-0 Be7 12. h3 0-0 13. e4 Qa8 14. b3 Nb8 15. Ne5 Nc6 16. Nxc6 Bxc6 17. Be3 Rd7 18. Nd1 Rc7 19. Nb2 Nd7 20. Nc4 Bf6 21. Rac1 a5 22. f4 Rd8 23. Rfd1 Qa7 24. Qf2 e5 25. Kh1 Bb7 26. Rf1 Ba6 27. Rcd1 Rcc8 28. h4 exf4 29. gxf4 Bd4 30. Nd6 Bxe3 31. Qxe3 Rc6 32. e5 Rxd6 33. exd6 Nf6 34. Rfe1 h5 35. d4 c4 36. Rc1 Rxd6 37. bxc4 Bb7 38. d5 Rd7 39. Rb1 Ba6 40. Qxb6 Qxb6 41. Rxb6 Bxc4 42. d6 Be6 43. Rd1 g6 44. Ra6 Bb3 45. Rd4 1-0

[Event "American Continental 18th"]
[Site "Medellin"]
[Date "2024.05.27"]
[Round "6"]
[White "Ospina Castro, Santiago"]
[Black "Carrillo Parra, Miguel Alfredo"]
[Result "1/2-1/2"]
[WhiteElo "2016"]
[BlackElo "2251"]
[PlyCount "145"]
[EventDate "2024.05.24"]
[EventType "swiss"]
[EventRounds "11"]
[EventCountry "COL"]
[SourceTitle "CBM 220 Extra"]
[Source "ChessBase"]
[SourceDate "2024.07.31"]
[SourceVersion "1"]
[SourceVersionDate "2024.07.31"]
[SourceQuality "1"]

1. Nf3 d5 2. b3 Bf5 3. Bb2 e6 4. g3 Nf6 5. Bg2 Be7 6. 0-0 0-0 7. d3 a5 8. a4 h6 9. Nbd2 Bh7 10. Re1 Na6 11. e4 c6 12. Qe2 Nb4 13. Rac1 Nd7 14. c3 Na6 15. d4 Qb6 16. exd5 cxd5 17. Bf1 Nab8 18. Qb5 Nc6 19. Qxb6 Nxb6 20. Nb1 Nc8 21. Ba3 Nd6 22. Bc5 b6 23. Ba3 Rfc8 24. Ne5 Bxb1 25. Rxb1 Nxe5 26. dxe5 Nf5 27. Bxe7 Nxe7 28. c4 Rc5 29. Rbd1 Rac8 30. Rd2 g5 31. f4 gxf4 32. gxf4 dxc4 33. Bxc4 Rxc4 34. bxc4 Rxc4 35. Rd6 Rxf4 36. Rxb6 Rxa4 37. Rb7 Ng6 38. Ra7 Ra2 39. Re4 h5 40. h4 Kg7 41. Kh1 Kf8 42. Kg1 Ne7 43. Rf4 Nf5 44. Rc4 Kg7 45. Rcc7 Nh6 46. Rc5 a4 47. Rca5 Ng4 48. Rxa4 Re2 49. Rf4 Nxe5 50. Ra5 f5 51. Kf1 Re1+ 52. Kxe1 Nd3+ 53. Ke2 Nxf4+ 54. Kf3 Ng6 55. Kg3 Kf6 56. Kh3 Nf8 57. Ra8 Ng6 58. Ra7 Nf4+ 59. Kg3 e5 60. Ra6+ Ne6 61. Kf3 Ke7 62. Rb6 Kd7 63. Ke3 Ke7 64. Kf3 Kf6 65. Ke3 Kf7 66. Rb7+ Kf6 67. Rb6 e4 68. Ra6 Kf7 69. Ra5 Kg6 70. Ra6 Kf6 71. Rb6 Kf7 72. Rb5 Kf6 73. Rb6 1/2-1/2